Statistics for Countries, who is my neighbours neighbour? Laos

Click here to take the quiz!

General Stats

  • This quiz has been taken 81 times
    (65 since last reset)
  • The average score is 11 of 13

Answer Stats

Answer % Correct
India
95%
Russia
90%
Kazakhstan
90%
Nepal
90%
Mongolia
90%
Tajikistan
88%
Bhutan
88%
Bangladesh
85%
Kyrgyzstan
85%
North Korea
83%
Malaysia
83%
Pakistan
80%
Afghanistan
80%

Score Distribution

Percentile by Number Answered

Percent of People with Each Score

Your Score History

You have not taken this quiz since the last reset